<?xml version="1.0" encoding="UTF-8"?>
<marc:record xmlns:marc="http://www.loc.gov/MARC21/slim">
   <marc:leader>00000nam a2200000 a 4500</marc:leader>
   <marc:datafield ind1="1" ind2=" " tag="100">
      <marc:subfield code="a">Black, Holly</marc:subfield>
      <marc:subfield code="4">aut</marc:subfield>
      <marc:subfield code="e">Verfasser/-in</marc:subfield>
   </marc:datafield>
   <marc:datafield ind1="0" ind2="0" tag="245">
      <marc:subfield code="a">Der Weg ins Labyrinth</marc:subfield>
   </marc:datafield>
   <marc:datafield ind1=" " ind2="1" tag="264">
      <marc:subfield code="b">Bastei Lübbe</marc:subfield>
      <marc:subfield code="c">2014</marc:subfield>
   </marc:datafield>
   <marc:datafield ind1="1" ind2=" " tag="490">
      <marc:subfield code="a">Magisterium</marc:subfield>
   </marc:datafield>
   <marc:datafield ind1="1" ind2=" " tag="520">
      <marc:subfield code="a">Geschlagen mit einem lahmen Bein und einer scharfen Zunge ist der zwölfjährige Callum nicht gerade der beliebteste Junge auf dem Planeten. Doch das ist erst mal sein geringstes Problem. Denn just in diesem Moment befindet er sich auf dem Weg ins Magisterium. Der unterirdischen Schule für Zauberei. Ein dunkler und geheimnisvoller Ort. Dort soll er bei Master Rufus, dem mächtigsten Magier der Schule, in die Lehre zu gehen. Doch alles was Call über ihn und das Magisterium weiß, lässt ihn befürchten, das erste Schuljahr nicht lebend zu überstehen - Magisterium - die erste gemeinsame Buchreihe der Bestseller-Autorinnen Holly Black und Cassandra Clare. [Verlagstext]</marc:subfield>
   </marc:datafield>
   <marc:datafield ind1=" " ind2=" " tag="020">
      <marc:subfield code="a">9783846600047</marc:subfield>
      <marc:subfield code="9">9783846600047</marc:subfield>
   </marc:datafield>
</marc:record>
